000 00693nam a2200253Ia 4500
003 OSt
005 20220918164816.0
006 a|||||r|||| 00| 0
007 ta
008 220917b |||||||| |||| 00| 0 eng d
020 _a076560051X
024 _a2,336
037 _cTextual
040 _aARTS
_cARTS
_beng
041 _2eng
_aeng
082 _aW:2:(G), N7
100 _aBaaklini Abdo I
_920962
245 0 _aDesigns for democratic stability
_b Studies in viable constitutionalism
260 _aArmork
_bM E Sharpe
_c1997
300 _axii,337p
_ccm.
650 _aPOLITICAL SCIENCE
942 _hW:2:(G), N7
_cTEXL
_2CC
999 _c126758
_d126758